| 000 | 00600nam a22001817a 4500 | ||
|---|---|---|---|
| 999 |
_c185235 _d185235 |
||
| 005 | 20220201121300.0 | ||
| 010 | _aENG-131343 | ||
| 020 |
_a9789354600296 _c879.00 |
||
| 035 | _aEN-114875 | ||
| 037 | _bDBAD | ||
| 082 | _a621.3822 | ||
| 100 | _aEsakkirajan, S. | ||
| 245 |
_aDigital Signal Processing/ _cS Esakkirajan, T Veerakumar, Badri Narayan Subudhi |
||
| 260 |
_aChennai _bMcGraw Hill Education Private Limited _c2021 |
||
| 270 |
_bChennai _aAnjana Complex No. 5/90A, Butt Road, St. Thomas Mount _e600016 |
||
| 300 |
_a1123p. _c24cm(pbk) |
||
| 942 |
_2ddc _cEN _h621.3822 _mESA |
||